¡Una prueba! (Record no. 173821)

MARC details
000 -LEADER
campo de control de longitud fija 00913nam a22001815i 4500
001 - NÚMERO DE CONTROL
campo de control 173821
003 - IDENTIFICADOR DE NÚMERO DE CONTROL
campo de control ES-MaACL
005 - FECHA Y HORA DE LA ÚLTIMA TRANSACCIÓN
campo de control 20230906215344.0
008 - DATOS DE LONGITUD FIJA--INFORMACIÓN GENERAL
campo de control de longitud fija 100122s1875 sp |||| | spa d
100 1# - ENTRADA PRINCIPAL--NOMBRE DE PERSONA
Nombre de persona Matoses, Manuel,
Fechas asociadas al nombre 1844-1901
9 (RLIN) 176405
245 15 - MENCIÓN DEL TÍTULO
Título ¡Una prueba!
Resto del título : juguete cómico en un acto y en prosa /
Mención de responsabilidad, etc. original de Manuel Matoses.
260 ## - PUBLICACIÓN, DISTRIBUCIÓN, ETC.
Lugar de publicación, distribución, etc. Madrid :
Nombre del editor, distribuidor, etc. [s.n.],
Fecha de publicación, distribución, etc. 1875 (
Fabricante Imp. de la Sociedad Tipográfica)
300 ## - DESCRIPCIÓN FÍSICA
Extensión 29 p. ;
Dimensiones 17 cm.
500 ## - NOTA GENERAL
Nota general En port.: Estrenado con grande aplauso en el Teatro Martín la noche del 22 de enero de 1875.
594 ## - Nota al título y mención de responsabilidad
Nota al título y mención de responsabilidad Precede al tít.: Administración Lírico-dramática.
852 ## - LOCALIZACIÓN
Ubicación ES-MaACL
Número de control de estantería F-8617(9)
Nota libre .- Enc. pasta española
condición física .- Falto de la cub. original
Nota libre .- Enc. en un vol. facticio formando parte de la col. facticia "Teatro español moderno", vol. 72
-- .- Dedicatoria autógrafa del autor a Floro Moro Godo
Holdings
Estatus retirado Estado de pérdida Estado de daño No para préstamo Colección Biblioteca de origen Biblioteca actual Ubicación en estantería Fecha de adquisición Fuente de adquisición Total de préstamos Signatura topográfica completa Código de barras Visto por última vez Precio de reemplazo Tipo de ítem Koha
        Libros del s. XIX Biblioteca del Ateneo de Madrid Biblioteca del Ateneo de Madrid Sala Pecera Planta 2 22/01/2010     F-8617(9) 1182452 23/02/2023 23/02/2023 Libro impreso antiguo